| 000 | 00659nam a2200229Ia 4500 | ||
|---|---|---|---|
| 001 | dia_7041 | ||
| 003 | CHAP | ||
| 008 | 220117s2017 xx 000 0 und d | ||
| 010 | _a178294 | ||
| 040 | _cCHAP | ||
| 090 | _aF 376 2017 | ||
| 110 |
_aUACh. Contraloría General Interna _9162877 |
||
| 245 |
_aLineamientos Generales para la Entrega-Recepción en la Universidad Autónoma Chapingo / _c UACh |
||
| 260 |
_aMéxico : _b UACh. Contraloría General Interna, _c2017 |
||
| 300 | _a38 p. | ||
| 901 | _aF 376 2017 | ||
| 902 | _aM | ||
| 905 | _a0000002017 MX 0000000000SPA00 | ||
| 942 | _c12 | ||
| 942 | _c12 | ||
| 999 |
_c178294 _d178294 |
||